[Event "GER AM05-A email"]
[Site "GER email"]
[Date "2019.06.19"]
[Round "?"]
[White "Panitevsky, Ivan Anatolevich"]
[Black "Kluegel, Jens Uwe"]
[Result "1/2-1/2"]
[WhiteElo "2523"]
[BlackElo "2517"]
[PlyCount "66"]
[EventDate "2019.??.??"]
[EventType "tourn (corr)"]
[EventRounds "14"]
[EventCountry "GER"]
[SourceTitle "Corr 2022"]
[Source "ChessBase"]
[SourceDate "2021.10.24"]
[SourceVersion "1"]
[SourceVersionDate "2021.10.24"]
[SourceQuality "1"]

1. e4 c5 2. Nf3 Nc6 3. d4 cxd4 4. Nxd4 Nf6 5. Nc3 e5 6. Ndb5 d6 7. Nd5 Nxd5 8. exd5 Nb8 9. a4 Be7 10. Be2 0-0 11. 0-0 Nd7 12. Kh1 a6 13. Na3 f5 14. f4 exf4 15. Bxf4 Nc5 16. Nc4 a5 17. h3 b6 18. c3 Ba6 19. b4 Bxc4 20. bxc5 Bxe2 21. Qxe2 bxc5 22. Qe6+ Rf7 23. Bh2 g6 24. g4 Kg7 25. gxf5 Rf6 26. Qe3 Qd7 27. c4 Raf8 28. Bf4 Kg8 29. Bh6 R8f7 30. Rab1 Rxf5 31. Rxf5 Qxf5 32. Rb8+ Bf8 33. Kg2 Qc2+ 1/2-1/2

[Event "GER AM05-A email"]
[Site "GER email"]
[Date "2019.06.19"]
[Round "?"]
[White "Panitevsky, Ivan Anatolevich"]
[Black "Stein, Kurt W"]
[Result "1/2-1/2"]
[WhiteElo "2523"]
[BlackElo "2528"]
[PlyCount "81"]
[EventDate "2019.??.??"]
[EventType "tourn (corr)"]
[EventRounds "14"]
[EventCountry "GER"]
[SourceTitle "Corr 2022"]
[Source "ChessBase"]
[SourceDate "2021.10.24"]
[SourceVersion "1"]
[SourceVersionDate "2021.10.24"]
[SourceQuality "1"]

1. e4 c5 2. Nf3 Nc6 3. Nc3 g6 4. d4 cxd4 5. Nxd4 Bg7 6. Be3 Nf6 7. Bc4 0-0 8. Bb3 Re8 9. h3 d6 10. Qd2 Na5 11. f3 Bd7 12. g4 Qb8 13. h4 Nxb3 14. axb3 d5 15. g5 Nh5 16. Nxd5 e6 17. Nc3 Rd8 18. 0-0-0 Be8 19. Qh2 Be5 20. Qf2 Bg3 21. Qg1 b5 22. Nde2 Bd6 23. Bc5 b4 24. Bxd6 Rxd6 25. Qh2 Ra6 26. Qxb8 Rxb8 27. Nb1 Kg7 28. Rd4 Ra1 29. Kd2 Bb5 30. c4 bxc3+ 31. Nexc3 Ba6 32. Rd1 e5 33. Rd6 Rxb3 34. Kc2 Rb4 35. Nd2 Rxd1 36. Nxd1 Rb6 37. Rxb6 axb6 38. Ne3 Nf4 39. Kc3 f6 40. gxf6+ Kxf6 41. Ndc4 1/2-1/2